000 00407 a2200169 4500
001 189258
020 _a978-85-322-7611-7
040 _cMagnum
100 _aSierra e Fabra, Jordi
240 1 0 _aO mistério do selo milionário
_lpor
245 1 0 _aO mistério do selo milionário
300 _a198
362 0 _a2011
440 1 _aFTD
697 _aLITERATURA INFANTO-JUVENIL ESTRANGEIRA
942 _cBK
999 _c189258
_d189258